Polacy w LaLiga/Primera Division - Statystyki

Ogólne statystyki
  • Ten quiz został rozwiązany 44 razy
  • Średni wynik to 8 z 15
Answers on the Grid
Answers color-coded by a green-red scale on the quiz's grid according to % correct below.
Jerzy Dudek
Kamil Glik
Rafał Gikiewicz
Jan Urban
Roman Kosecki
Piotr Zieliński
Jakub Błaszczykowski
Kamil Grosicki
Dariusz Dudka
Marek Koźmiński
Euzebiusz Smolarek
Bartosz Bereszyński
Krzysztof Piątek
Jan Tomaszewski
Cezary Kucharski
Cezary Wilk
Sławomir Peszko
Zbigniew Boniek
Robert Warzycha
Wojciech Kowalczyk
Przemysław Tytoń
Grzegorz Rasiak
Krzysztof Nowak
Kamil Jóźwiak
Grzegorz Krychowiak
Kamil Piątkowski
Radoslaw Gilewicz
Damian Kądzior
Adam Matysek
Miroslaw Trzeciak
 
Statystyki odpowiedzi
Odpowiedź % Poprawnych
Jerzy Dudek
97%
Jan Urban
79%
Wojciech Kowalczyk
66%
Roman Kosecki
61%
Grzegorz Krychowiak
58%
Euzebiusz Smolarek
55%
Przemysław Tytoń
55%
Kamil Jóźwiak
50%
Kamil Piątkowski
50%
Damian Kądzior
45%
Cezary Wilk
39%
Cezary Kucharski
37%
Dariusz Dudka
32%
Jan Tomaszewski
32%
Miroslaw Trzeciak
32%
Nie znaleziono quizów pasujących do podanych kryteriów
Rozkład punktacji
Procent ludzi z każdym wynikiem
Percentyl według liczby udzielonych odpowiedzi
Twoja historia wyników
Nie rozwiązałeś tego quizu